01051nam a22002537a 4500003001100000005001700011008004100028015001200069020001800081040003400099080001900133100003400152245009700186250001100283260003900294300002100333490003700354504003200391505024000423650003200663655002000695655002400715700005800739AR-Ro-UNCS20251209133352.0050607t1997 ag gr 001 pdspa d aAR-1997 a950-46-0408-0 aAR-BaBNbspacAR-RoUNCSeaacr1 a82-1(82)220161 aStorni, Alfonsina,d1892-193810aPoesías /cAlfonsina Storni ; selección, estudio y notas por María Fernanda Maquieira. a1a ed. aBuenos Aires :bSantillana,c1997. a103 p. ;c21 cm.0 aClásicos Esenciales Santillana aBibliografía: p. 102-103.0 aSelección de las poesías más significativas -- Panorama de la sociedad y cultura de la época -- Biografía de Alfonsina Storni y estudio literario de su obra -- Opiniones sobre la autora, cuadro cronológico y bibliografía. 72embneaLiteratura argentina 7aPoesía2embne 7aAntologías2embne1 aMaquieira, María Fernanda,d1966-ecompiladora4com